|
|
|
|
| LEADER |
00000nam0a2200000 4500 |
| 001 |
293218 |
| 005 |
20231102000555.0 |
| 010 |
|
|
|a 9785000574102
|
| 035 |
|
|
|a (RuTPU)RU\TPU\book\318183
|
| 090 |
|
|
|a 293218
|
| 100 |
|
|
|a 20150429d2015 km y0rusy50 ca
|
| 101 |
1 |
|
|a rus
|c eng
|
| 102 |
|
|
|a RU
|
| 105 |
|
|
|a y z 000zy
|
| 200 |
1 |
|
|a Методика RAIN. Как продавать так, чтобы покупали
|e пер. с англ.
|f М. Шульц, Д. Дорр
|
| 210 |
|
|
|a Москва
|c Манн, Иванов и Фербер
|d 2015
|
| 215 |
|
|
|a 276 с.
|
| 330 |
|
|
|a Переговоры решают всё в продажах. Майк Шульц и Джон Дорр, несколько десятилетий успешно помогающие многим компаниям увеличивать продажи, предлагают свою методику проведения продающих переговоров, признанную экспертами и основанную на исследованиях и практике. Благодаря этой книге, полной практических примеров, советов и рекомендаций, вы станете мастером продаж.
|
| 606 |
1 |
|
|a Маркетинг
|x Зарубежный опыт
|2 stltpush
|3 (RuTPU)RU\TPU\subj\73482
|9 86460
|
| 606 |
1 |
|
|a Продажи
|x Управление
|2 stltpush
|3 (RuTPU)RU\TPU\subj\67713
|9 83405
|
| 610 |
1 |
|
|a экономика
|
| 610 |
1 |
|
|a управление
|
| 610 |
1 |
|
|a переговоры
|
| 610 |
1 |
|
|a продуктивные продажи
|
| 610 |
1 |
|
|a методика Rain
|
| 610 |
1 |
|
|a потенциальные клиенты
|
| 610 |
1 |
|
|a телефонные переговоры
|
| 610 |
1 |
|
|a планирование
|
| 610 |
1 |
|
|a психология
|
| 610 |
1 |
|
|a успех
|
| 610 |
1 |
|
|a спрос
|
| 610 |
1 |
|
|a предложение
|
| 610 |
1 |
|
|a покупатели
|
| 686 |
|
|
|a У821.4
|v LBC/SL-A
|2 rubbk
|
| 686 |
|
|
|a У9(2)421
|v LBC/SL-A
|2 rubbk
|
| 700 |
|
1 |
|a Шульц
|b М.
|g Майк
|
| 701 |
|
1 |
|a Дорр
|b Д.
|g Джон
|
| 801 |
|
1 |
|a RU
|b 63413507
|c 20150429
|
| 801 |
|
2 |
|a RU
|b 63413507
|c 20150820
|g RCR
|
| 942 |
|
|
|c BK
|
| 959 |
|
|
|a 64/20150429
|d 1
|e 879,00
|f ЧЗГЛ:1
|